Digital techniques and microprocessor systems (Record no. 40197)

MARC details
000 -LEADER
fixed length control field 00591nam a2200157 a 4500
008 - FIXED-LENGTH DATA ELEMENTS--GENERAL INFORMATION
fixed length control field 120416s0000 ||||||||||||||||| || u
020 ## - INTERNATIONAL STANDARD BOOK NUMBER
International Standard Book Number 0291398340
050 ## - LIBRARY OF CONGRESS CALL NUMBER
Classification number TK 7870 Sin
100 ## - MAIN ENTRY--PERSONAL NAME
Personal name Sinclair, Ian R
245 10 - TITLE STATEMENT
Title Digital techniques and microprocessor systems
246 ## - VARYING FORM OF TITLE
Title proper/short title servicing electronic systems volume 3
260 ## - PUBLICATION, DISTRIBUTION, ETC.
Place of publication, distribution, etc. Aldershot
Name of publisher, distributor, etc. Avebury Technical
Date of publication, distribution, etc. 1996
300 ## - PHYSICAL DESCRIPTION
Extent vii, 349p. : ill.
350 ## - PRICE (NR) (BK AM CF MU VM SE) [OBSOLETE]
Price 0.00
995 ## - RECOMMENDATION 995 [LOCAL, UNIMARC FRANCE]
-- 0.00
-- CBU-MAIN LIBRARY (Kitwe)
-- 1
-- 18.95
-- 1
-- AVAILABLE
-- Nov 3, 2006
-- Annex Low-Usage Collection
Holdings
Withdrawn status Lost status Source of classification or shelving scheme Damaged status Not for loan Home library Current library Shelving location Date acquired Total Checkouts Full call number Barcode Date last seen Price effective from Koha item type
          CBU-MAIN LIBRARY, KITWE. CBU-MAIN LIBRARY, KITWE.   11/30/2022   TK 7870 Sin 48559 11/30/2022 11/30/2022 MONOGRAPH